000
00335nam a22001457a 4500
008
180308b xxu||||| |||| 00| 0 eng d
020
_a
9780072962161
041
_a
eng
080
_a
339.138
082
_a
339.138 PET
100
_a
60
101
_a
MAR
245
_a
A perface to marketing management
_c
Peter,J.P
942
_2
udc
_c
BK
999
_c
44413
_d
44413